Gaming Quiz

Random Gaming or Pokémon Quiz

Pokemon Starting with 'M' Quiz Stats

Quiz not verified by Sporcle

Challenge
Share
Tweet
Embed
Score 0/65 Timer 10:00
0 Plays Today
Type Pokemon % Correct
FIGHTINGMACHAMP
97.4%
FIGHTINGMACHOKE
97.4%
FIGHTINGMACHOP
97.4%
ELECTRIC/STEELMAGNEZONE
94.7%
FIREMAGBY
92.1%
ELECTRIC/STEELMAGNEMITE
92.1%
ELECTRIC/STEELMAGNETON
92.1%
GHOSTMISDREAVUS
92.1%
FIREMAGMORTAR
89.5%
FIREMAGMAR
86.8%
DARK/FLYINGMURKROW
86.8%
FIRE/ROCKMAGCARGO
84.2%
FIGHTINGMANKEY
84.2%
WATER/FAIRYMARILL
84.2%
FIGHTING/PSYCHICMEDICHAM
84.2%
FIGHTING/PSYCHICMEDITITE
84.2%
STEEL/PSYCHICMETANG
84.2%
STEEL/PSYCHICMETAGROSS
84.2%
GHOSTMISMAGIUS
84.2%
FIRE/FLYINGMOLTRES
84.2%
PSYCHIC/FAIRYMR.MIME
81.6%
ICE/GROUNDMAMOSWINE
78.9%
STEEL/FAIRYMAWILE
78.9%
PSYCHICMEW
78.9%
PSYCHICMEWTWO
78.9%
PSYCHIC/FAIRYMIME JR.
78.9%
FIRE/FIGHTINGMONFERNO
78.9%
WATER/FLYINGMANTINE
76.3%
WATER/GROUNDMARSHTOMP
76.3%
ELECTRICMANECTRIC
73.7%
WATER/FLYINGMANTYKE
73.7%
WATERMUDKIP
73.7%
WATERMAGIKARP
71.1%
Type Pokemon % Correct
DARK/PSYCHICMALAMAR
68.4%
DARK/FLYINGMANDIBUZZ
68.4%
ELECTRICMAREEP
68.4%
BUG/FLYINGMASQUERAIN
68.4%
NORMAL/PSYCHICMELOETTA
68.4%
BUG/FLYINGMOTHIM
68.4%
NORMAL/FIGHTINGMELOETTA
68.4%
FIGHTINGMAKUHITA
63.2%
STEEL/FAIRYMEGA MAWILE
63.2%
FIGHTING/PSYCHICMEGA MEDICHAM
63.2%
NORMALMILTANK
63.2%
ELECTRICMINUN
63.2%
GROUNDMAROWAK
60.5%
WATERMILOTIC
60.5%
POISONMUK
60.5%
PSYCHICMUNNA
60.5%
ELECTRICMEGA MANECTRIC
57.9%
BUGMETAPOD
57.9%
FIGHTINGMIENFOO
57.9%
FIGHTINGMIENSHAO
57.9%
NORMALMUNCHLAX
57.9%
WATERMANAPHY
55.3%
GRASSMEGANIUM
55.3%
PSYCHICMEOWSTIC
55.3%
PSYCHIC/FIGHTINGMEGA MEWTWO X
55.3%
PSYCHICMEGA MEWTWO Y
55.3%
PSYCHICMUSHARNA
55.3%
PSYCHICMESPRIT
52.6%
NORMALMEOWTH
50%
DARKMIGHTYENA
47.4%
NORMALMINCCINO
44.7%
GRASSMARACTUS
36.8%

You're not logged in!

Compare scores with friends on all Sporcle quizzes.
Join for Free
OR
Log In

You Might Also Like...

Show Comments

Extras

Created Apr 12, 2014ReportNominate
Tags:Pokémon Quiz, starting

Top Quizzes Today


Score Distribution

Your Account Isn't Verified!

In order to create a playlist on Sporcle, you need to verify the email address you used during registration. Go to your Sporcle Settings to finish the process.

Report this User

Report this user for behavior that violates our Community Guidelines.

Details: